000 00485nam a2200181Ia 4500
005 20250923144408.0
008 008 250917s9999 xx 000 0 eng d
037 _aTextual
040 _aDSWL
_beng
_cDSWL
041 _aeng
_2eng
084 _aY:f, N34
_qDSWL
100 _aZnaniecki, F
_9824455
245 0 _aMethods of sociology
_cby F Znaniecki
260 _aNew York
_c1934
300 _a337 p.
942 _cTEXL
_hY:f, N34
999 _c1438325
_d1438325